000
00244nam a2200097Ia 4500
001
1206401
005
20251010110913.0
008
250824s9999 xx 000 0 und d
245
0
_a
YAZININ YÜKÜ
_c
ABDULLAH HARMANCI
260
_b
İZ YAYINLARI
999
_c
1206401
_d
1206401